Score 0/24 Timer 09:00
0 Plays Today
% Correct
You're a stand-up guy, Horatio.
85.6%
She drowned.
84.7%
Put your hat back on.
84%
We'll need a Plan B. Just in case.
84%
Sounds good.
81.3%
We are going to spy on them.
80.5%
Quit fooling around and HIT ME!
79.6%
Don't think too hard, you'll only hurt yourself.
79.6%
Why are you talking to nobody?
78.1%
I am so sick of that guy.
77.8%
It'll be morning soon.
77.4%
You're not going to believe this.
76.3%
% Correct
More bad news.
75.4%
Wow, look at all of the dead bodies.
75%
You crazy kids better behave yourselves.
74.1%
He's one of a kind.
73.8%
Don't be such a dupe.
71%
I'm severely depressed.
70.5%
Cheer up.
66.9%
I couldn't sleep.
63%
Sorry, that's all the funeral you get.
56.1%
See? Not my fault.
51.8%
I'm sorry.
49.4%
Don't die.
37%

You're not logged in!

Compare scores with friends on all Sporcle quizzes.
OR
Log In

Sporcle TV

Today on Sporcle TV


Watch our educational content, quiz creation guides, and fun videos on Sporcle TV.

Show Comments

Extras

Top Quizzes Today


Score Distribution

Paid Content

Your Account Isn't Verified!

In order to create a playlist on Sporcle, you need to verify the email address you used during registration. Go to your Sporcle Settings to finish the process.

Report this User

Report this user for behavior that violates our Community Guidelines.

Details: